Confluencias : selección de ensayos /
Kaydedildi:
| Asıl Yazarlar: | , |
|---|---|
| Materyal Türü: | Bilinmiyor |
| Dil: | Spanish |
| Baskı/Yayın Bilgisi: |
La Habana, Cuba :
Editorial Letras Cubanas,
1988.
|
| Konular: | |
| Etiketler: |
Etiketle
Etiket eklenmemiş, İlk siz ekleyin!
|
MARC
| LEADER | 000000000a22000000004500 | ||
|---|---|---|---|
| 001 | 001809 | ||
| 041 | 0 | |a spa | |
| 082 | 0 | 4 | |a Cu864.4 |b L686c |
| 100 | 1 | |a Lezama Lima, José, |d 1910-1976 | |
| 245 | 1 | 0 | |a Confluencias : |b selección de ensayos / |c José Lezama Lima ; Abel E. Prieto, selección. |
| 260 | 1 | |a La Habana, Cuba : |b Editorial Letras Cubanas, |c 1988. | |
| 300 | |a xli, 429 páginas | ||
| 500 | |a Otro ejemplar con número de inscripción 14780 | ||
| 650 | 4 | |a LITERATURA CUBANA | |
| 650 | 4 | |a ENSAYOS | |
| 100 | 1 | |a Prieto, Abel E., |e selección | |
| 999 | |c 8472 |d 8472 | ||
| 942 | |c BK |h Cu864.4 L686c |2 z | ||
